| 000 | 00717cab a2200253 4500 | ||
|---|---|---|---|
| 001 | WB2918-34 | ||
| 008 | 090401t1993 xxu||||| |||| 00| 0 eng d | ||
| 035 | _a(Sirsi) u25344 | ||
| 041 | _aeng | ||
| 245 | _aNew homes valuations | ||
| 260 | _c1993 | ||
| 350 | _a0 | ||
| 490 |
_aCS Monthly : General Practice _v2(8) May 1993, 3(1) |
||
| 520 | _aStatement by the RICS on the valuation of new houses, clarifies guidance note VGN2A of the "White book". | ||
| 650 | _aCOMPARABLES | ||
| 650 | _aMENTOR | ||
| 650 | _aNEW HOUSE PREMIUM | ||
| 650 | _aNEW HOUSES | ||
| 650 | _aSKILLS PANEL OUTPUTS | ||
| 650 | _aVALUATION GUIDANCE NOTES | ||
| 690 | _aRATING AND VALUATION | ||
| 942 | _n0 | ||
| 948 | _c04/03/1997 | ||
| 999 |
_c17013 _d17013 |
||